[Event "83rd ch-StP"]
[Site "St Petersburg RUS"]
[Date "2010.05.16"]
[Round "1"]
[White "Ivanov,Sergey1"]
[Black "Gorovykh,E"]
[Result "1-0"]
[WhiteElo "2542"]
[BlackElo "2430"]
[EventDate "2010.05.16"]

1. d4 Nf6 2. c4 g6 3. Nf3 Bg7 4. g3 c6 5. Bg2 d5 6. b3 O-O 7. O-O Ne4 8.
Bb2 Nd7 9. e3 a5 10. Nc3 Nxc3 11. Bxc3 Nc5 12. Ne5 Bxe5 13. dxe5 dxc4 14.
Bd4 Ne6 15. bxc4 c5 16. Bc3 Qc7 17. f4 Ng7 18. Rb1 Rb8 19. g4 Rd8 20. Qe2
e6 21. Rfd1 Rxd1+ 22. Qxd1 h5 23. Qd6 Qxd6 24. exd6 Ne8 25. gxh5 gxh5 26.
Bxa5 Ra8 27. Bc7 Rxa2 28. Bxb7 Bd7 29. Bf3 Rd2 30. Rd1 Rc2 31. Bxh5 Rxc4
32. Bf3 Rc2 33. e4 Nf6 34. Bd8 Kg7 35. Kh1 Rf2 36. Rg1+ Kh7 37. Bxf6 Rxf3
38. Rg7+ Kh6 39. Rxf7 Bc6 40. d7 Bxe4 41. Kg1 1-0

[Event "83rd ch-StP"]
[Site "St Petersburg RUS"]
[Date "2010.05.16"]
[Round "1"]
[White "Khairullin,I"]
[Black "Romanov,E"]
[Result "1-0"]
[WhiteElo "2617"]
[BlackElo "2594"]
[EventDate "2010.05.16"]

1. d4 d5 2. c4 c6 3. Nc3 Nf6 4. e3 g6 5. Nf3 Bg7 6. Be2 O-O 7. O-O dxc4 8.
Bxc4 Nbd7 9. e4 Nb6 10. Be2 Bg4 11. h3 Bxf3 12. Bxf3 Qc7 13. Qb3 Nfd7 14.
Be3 e5 15. d5 c5 16. a4 Nc8 17. Bg4 Nf6 18. Nb5 Qe7 19. Qd3 Nxg4 20. hxg4
b6 21. a5 Nd6 22. axb6 axb6 23. Nxd6 Qxd6 24. Ra6 Rxa6 25. Qxa6 f5 26. gxf5
gxf5 27. exf5 e4 28. Rd1 Rxf5 29. b3 Rf8 30. Qc4 Re8 31. g3 Kf8 32. Kg2 Re7
33. Rh1 Bf6 34. Bf4 Be5 35. Rh6 Bxf4 36. Rxd6 Bxd6 37. Qa6 e3 38. Qc8+ Kf7
39. fxe3 b5 40. Qc6 1-0

[Event "83rd ch-StP"]
[Site "St Petersburg RUS"]
[Date "2010.05.16"]
[Round "1"]
[White "Yevseev,D"]
[Black "Klimov,S"]
[Result "1-0"]
[WhiteElo "2520"]
[BlackElo "2518"]
[EventDate "2010.05.16"]

1. Nf3 c5 2. c4 Nc6 3. d4 cxd4 4. Nxd4 Nf6 5. Nc3 e6 6. a3 d5 7. cxd5 exd5
8. Bg5 Be7 9. e3 O-O 10. Be2 Be6 11. O-O Rc8 12. Rc1 Qa5 13. Qb3 Nxd4 14.
exd4 Rfe8 15. Bf4 Qb6 16. Qxb6 axb6 17. Bb5 Red8 18. Na4 Rxc1 19. Rxc1 Bd7
20. Bxd7 Nxd7 21. Rc7 Bf6 22. Be3 Nf8 23. Rxb7 Ne6 24. Rxb6 1-0

[Event "83rd ch-StP"]
[Site "St Petersburg RUS"]
[Date "2010.05.16"]
[Round "1"]
[White "Fedoseev,Vl3"]
[Black "Matlakov,M"]
[Result "0-1"]
[WhiteElo "2428"]
[BlackElo "2604"]
[EventDate "2010.05.16"]

1. e4 e5 2. Nf3 Nc6 3. Bb5 Nf6 4. Bxc6 dxc6 5. d3 Nd7 6. Nbd2 Bd6 7. O-O c5
8. Nc4 Qe7 9. Ne3 Nb8 10. g3 Be6 11. Nh4 g6 12. Nhg2 Nd7 13. f4 exf4 14.
gxf4 f6 15. b3 O-O-O 16. Bb2 Rhg8 17. Qf3 g5 18. Kh1 h5 19. Rae1 Bg4 20.
Qf2 Rdf8 21. fxg5 fxg5 22. Nf5 Qe6 23. Nge3 Bh3 24. Rg1 Bf4 25. Qf3 Bxe3
26. Rxe3 Bg4 27. Rxg4 hxg4 28. Qxg4 Kb8 29. Qg3 Nf6 30. Bxf6 Qxf6 31. a4
Rh8 32. Rf3 Qb2 33. Rf2 Rh5 34. Ne3 Rxf2 35. Qxf2 Rh8 36. Ng4 Qd4 37. Qe2
Rf8 38. Kg2 a5 39. Ne3 Qe5 40. Ng4 Qf4 41. h3 c4 42. bxc4 Qd6 43. Qd2 Qa3
44. Ne5 Qxa4 45. Qc3 Kc8 46. c5 Qb4 47. Qxb4 axb4 48. Nf3 Kd7 49. Kf2 Kc6
50. Ke3 Kxc5 51. Nxg5 Rf1 52. h4 Rc1 53. Kd2 Rg1 54. Ne6+ Kd6 55. Nd4 Rg2+
56. Kc1 Rh2 57. Kb2 c5 58. Nf5+ Ke5 59. Kb3 b5 60. Ne7 Kd6 61. Nf5+ Kd7 62.
d4 Rh3+ 63. Kb2 c4 64. d5 Rh2 65. e5 b3 66. e6+ Kd8 67. d6 Rxc2+ 68. Kb1
Rg2 69. Ne3 Re2 70. e7+ Kd7 0-1

[Event "83rd ch-StP"]
[Site "St Petersburg RUS"]
[Date "2010.05.16"]
[Round "1"]
[White "Ionov,S"]
[Black "Popov,Val"]
[Result "1/2-1/2"]
[WhiteElo "2542"]
[BlackElo "2592"]
[EventDate "2010.05.16"]

1. c4 e6 2. d4 Nf6 3. Nc3 Bb4 4. e3 O-O 5. Bd3 d5 6. Nf3 c5 7. O-O Nc6 8.
a3 Bxc3 9. bxc3 dxc4 10. Bxc4 Qc7 11. h3 b6 12. Bd3 e5 13. Qc2 Bb7 14. e4
Nd7 15. d5 Ne7 16. c4 Rae8 17. Re1 Nc8 18. Nd2 Nd6 19. Nf1 Re7 20. Bg5 f6
21. Bd2 Ra8 22. Ne3 Bc8 23. h4 Nf8 24. g3 Bd7 25. Kh2 Qd8 26. f3 Qe8 27. a4
a5 28. Kg2 Bc8 29. Rab1 Ra6 30. Rb2 Bd7 31. Ra2 Qd8 32. Bc3 Be8 33. Qb3 Nd7
34. Rf2 Ra7 35. Nf5 1/2-1/2

[Event "83rd ch-StP"]
[Site "St Petersburg RUS"]
[Date "2010.05.16"]
[Round "1"]
[White "Makarov,M"]
[Black "Levin,Ev"]
[Result "1/2-1/2"]
[WhiteElo "2518"]
[BlackElo "2500"]
[EventDate "2010.05.16"]

1. g3 g6 2. Bg2 Bg7 3. d4 d5 4. Nf3 Nf6 5. c4 c6 6. Qb3 O-O 7. Nc3 dxc4 8.
Qxc4 Bf5 9. O-O Nbd7 10. h3 Ne4 11. g4 Be6 12. Qd3 Nxc3 13. bxc3 b5 14. Bf4
Rc8 15. a4 a6 16. Rfe1 Nb6 17. a5 Nc4 18. Ng5 Bd7 19. Ne4 f5 20. gxf5 Bxf5
21. Qg3 Bxe4 22. Bxe4 Qd7 23. Red1 Nd6 24. Bg2 Qf5 25. e3 1/2-1/2

[Event "83rd ch-StP"]
[Site "St Petersburg RUS"]
[Date "2010.05.17"]
[Round "2"]
[White "Popov,Val"]
[Black "Makarov,M"]
[Result "1-0"]
[WhiteElo "2592"]
[BlackElo "2518"]
[EventDate "2010.05.16"]

1. c4 c5 2. Nf3 g6 3. d4 cxd4 4. Nxd4 Nc6 5. e4 Nf6 6. Nc3 Nxd4 7. Qxd4 d6
8. Be3 Bg7 9. f3 O-O 10. Qd2 a5 11. Na4 Nd7 12. Be2 b6 13. O-O Bb7 14. Rac1
Nc5 15. Nc3 f5 16. exf5 gxf5 17. Nd5 Rf7 18. Rcd1 Rb8 19. b3 Ba8 20. Rfe1
e5 21. f4 Ne4 22. Qc1 Bxd5 23. Rxd5 Qh4 24. Rf1 Re8 25. Bf3 exf4 26. Bxf4
Re6 27. g3 Qe7 28. Kh1 Rf8 29. Qc2 Be5 30. Bg2 Bg7 31. Bh3 Ref6 32. Bc1 Qe6
33. Kg1 R6f7 34. Bf4 Kh8 35. Bg2 Re8 36. Rfd1 Qc8 37. Bxe4 fxe4 38. Qe2 e3
39. R1d3 Rfe7 40. Rxd6 Qc5 41. Rd8 Re6 42. Rxe8+ Rxe8 43. Bxe3 Qf5 44. Qd1
Bf8 45. Rd5 1-0

[Event "83rd ch-StP"]
[Site "St Petersburg RUS"]
[Date "2010.05.17"]
[Round "2"]
[White "Matlakov,M"]
[Black "Ionov,S"]
[Result "1-0"]
[WhiteElo "2604"]
[BlackElo "2542"]
[EventDate "2010.05.16"]

1. d4 Nf6 2. c4 e6 3. g3 Bb4+ 4. Bd2 a5 5. Bg2 d5 6. Nf3 O-O 7. O-O c6 8.
Qc2 b6 9. Bf4 Bd6 10. Bxd6 Qxd6 11. Nbd2 Ba6 12. Rac1 Nbd7 13. e4 Nxe4 14.
Nxe4 dxe4 15. Qxe4 c5 16. Rfd1 Rad8 17. dxc5 Qxc5 18. b3 Qc7 19. Ng5 g6 20.
Qh4 Nf6 21. Rxd8 Qxd8 22. Bf3 Kg7 23. Rd1 Qb8 24. Qd4 Bc8 25. Qd6 Bd7 26.
Ne4 1-0

[Event "83rd ch-StP"]
[Site "St Petersburg RUS"]
[Date "2010.05.17"]
[Round "2"]
[White "Klimov,S"]
[Black "Fedoseev,Vl3"]
[Result "0-1"]
[WhiteElo "2518"]
[BlackElo "2428"]
[EventDate "2010.05.16"]

1. d4 Nf6 2. c4 c6 3. Nf3 d5 4. Qc2 g6 5. Bf4 Bg7 6. e3 O-O 7. Nc3 c5 8.
dxc5 Qa5 9. Rd1 Ne4 10. cxd5 Nxc3 11. bxc3 Bd7 12. Rd4 Rc8 13. Qd2 Rxc5 14.
Be5 Rxc3 15. Rc4 Ra3 16. Bxg7 Kxg7 17. Rc2 Bf5 18. Rb2 Nd7 19. Nd4 Nb6 20.
f3 Rxe3+ 21. Kf2 Qxd2+ 22. Rxd2 Re5 23. d6 exd6 24. g4 Bd7 25. Be2 Nd5 26.
Rb1 b6 27. Rc1 Rae8 28. Bf1 h5 29. h3 R8e7 30. Nc6 Bxc6 31. Rxc6 Rd7 32.
Rd4 hxg4 33. hxg4 g5 34. Bd3 Nf4 35. Rcxd6 Rxd6 36. Rxd6 Nxd3+ 37. Rxd3 Ra5
38. a3 Ra4 39. Re3 Kf6 40. Kg3 Rc4 41. Kf2 b5 42. Re8 Rc2+ 43. Kg3 Rc3 44.
a4 bxa4 45. Re4 a3 46. Ra4 Ke5 47. Rxa7 Kd4 48. Rxf7 Kc4 49. Kf2 a2 50. Ra7
Kb3 51. f4 gxf4 52. g5 Kb2 0-1

[Event "83rd ch-StP"]
[Site "St Petersburg RUS"]
[Date "2010.05.17"]
[Round "2"]
[White "Romanov,E"]
[Black "Yevseev,D"]
[Result "1-0"]
[WhiteElo "2594"]
[BlackElo "2520"]
[EventDate "2010.05.16"]

1. c4 Nf6 2. g3 e6 3. Bg2 d5 4. Nf3 dxc4 5. Qa4+ Nbd7 6. Qxc4 a6 7. Qb3 c5
8. a4 Rb8 9. d3 Bd6 10. a5 Bc7 11. Bd2 O-O 12. O-O Nd5 13. Rc1 b5 14. axb6
N7xb6 15. Qc2 Bd6 16. Nc3 Nb4 17. Qd1 Bb7 18. Ne4 Bxe4 19. dxe4 Be7 20. Qe1
Nd7 21. Bf4 Rb5 22. Nd2 Bg5 23. Bxg5 Qxg5 24. Nc4 Qe7 25. Qc3 Nb6 26. Na3
Ra5 27. Rd1 Ra4 28. Rd2 Nc6 29. b3 Rd4 30. Rc2 Rd7 31. Bf1 Nb4 32. Rcc1 Rc7
33. e3 g6 34. Nc2 Rfc8 35. Bxa6 Nxa6 36. Rxa6 Nd7 37. Na3 Qf6 38. Qxf6 Nxf6
39. e5 Ne4 40. Nc4 Rb8 41. f3 Ng5 42. h4 Nxf3+ 43. Kg2 Nxe5 44. Nxe5 Rxb3
45. Kf3 h5 46. Ra5 Kg7 47. Raxc5 Rxc5 48. Rxc5 Rb7 49. Nc4 1-0

[Event "83rd ch-StP"]
[Site "St Petersburg RUS"]
[Date "2010.05.17"]
[Round "2"]
[White "Ivanov,Sergey1"]
[Black "Khairullin,I"]
[Result "1/2-1/2"]
[WhiteElo "2542"]
[BlackElo "2617"]
[EventDate "2010.05.16"]

1. d4 Nf6 2. c4 e6 3. Nc3 Bb4 4. e3 d5 5. Nf3 O-O 6. Bd3 c5 7. O-O cxd4 8.
exd4 dxc4 9. Bxc4 b6 10. Bg5 Bb7 11. Re1 Nc6 12. a3 Be7 13. Qd3 h6 14. Bf4
Bd6 15. Be5 Na5 16. Ba6 Bxe5 1/2-1/2

[Event "83rd ch-StP"]
[Site "St Petersburg RUS"]
[Date "2010.05.18"]
[Round "3"]
[White "Khairullin,I"]
[Black "Gorovykh,E"]
[Result "1/2-1/2"]
[WhiteElo "2617"]
[BlackElo "2430"]
[EventDate "2010.05.16"]

1. d4 Nf6 2. c4 g6 3. Nc3 Bg7 4. e4 d6 5. f3 O-O 6. Be3 Nc6 7. Nge2 a6 8.
Qd2 Rb8 9. Rc1 Bd7 10. Nd1 b5 11. c5 e6 12. Nf2 b4 13. Nd3 a5 14. g3 Ne7
15. Bg2 Bb5 16. O-O Nd7 17. Rfd1 Ra8 18. Qc2 Qc8 19. a4 Ba6 20. b3 Rd8 21.
f4 d5 22. e5 Rf8 23. Ne1 f5 24. Nf3 Nb8 25. h3 Bh6 26. Kh2 Nbc6 27. Neg1
Kf7 28. g4 Ke8 29. Kg3 Kd7 30. Nh4 Rf7 31. Ngf3 Qg8 32. Bf1 Bxf1 33. Rxf1
Raf8 34. Ng2 fxg4 35. hxg4 g5 36. fxg5 Bxg5 37. Nxg5 Rxf1 38. Rxf1 Rxf1 39.
Qd3 Rh1 40. Nh4 Ng6 41. Nhf3 Nce7 1/2-1/2

[Event "83rd ch-StP"]
[Site "St Petersburg RUS"]
[Date "2010.05.18"]
[Round "3"]
[White "Yevseev,D"]
[Black "Ivanov,Sergey1"]
[Result "1-0"]
[WhiteElo "2520"]
[BlackElo "2542"]
[EventDate "2010.05.16"]

1. c4 Nf6 2. Nc3 e5 3. g3 c6 4. Nf3 e4 5. Nd4 d5 6. cxd5 Qb6 7. Nb3 a5 8.
d4 a4 9. Nc5 a3 10. Qb3 axb2 11. Qxb2 Qxb2 12. Bxb2 Bxc5 13. dxc5 cxd5 14.
Nb5 O-O 15. Nc7 Ra5 16. Bxf6 gxf6 17. Nxd5 f5 18. Bh3 Rxc5 19. Nf4 Rd8 20.
O-O Nc6 21. Rfd1 Rxd1+ 22. Rxd1 Rc2 23. a3 Ra2 24. Rd5 Rxa3 25. Bxf5 Bxf5
26. Rxf5 Ra5 27. Rf6 Rc5 28. Rd6 b5 29. Rd7 Kf8 30. Kg2 b4 31. Rb7 Ke8 32.
f3 exf3+ 33. Kxf3 Kd8 34. Rxf7 Kc8 35. Nd3 Rc2 36. Rxh7 b3 37. Ke3 Ne5 38.
Rh5 Nc4+ 39. Kd4 b2 40. Rc5+ Kd7 41. Nxb2 Rxb2 42. Rxc4 Rxe2 43. h4 Ke6 44.
Kd3 Rg2 45. Rg4 Kf5 46. Rg5+ 1-0

[Event "83rd ch-StP"]
[Site "St Petersburg RUS"]
[Date "2010.05.18"]
[Round "3"]
[White "Fedoseev,Vl3"]
[Black "Romanov,E"]
[Result "1-0"]
[WhiteElo "2428"]
[BlackElo "2594"]
[EventDate "2010.05.16"]

1. d4 d5 2. c4 c6 3. Nf3 Nf6 4. Nc3 dxc4 5. a4 Bf5 6. e3 e6 7. Bxc4 Bb4 8.
O-O O-O 9. Nh4 Nbd7 10. Bd2 a5 11. f3 Bg6 12. Nxg6 hxg6 13. Be1 e5 14. Ne2
Bxe1 15. Rxe1 Qe7 16. Qb3 exd4 17. Nxd4 Ne5 18. Bf1 Nd5 19. Nc2 Rad8 20.
Rad1 Rd7 21. Rd4 Rfd8 22. Red1 g5 23. Be2 Qc5 24. Kf2 Re8 25. g3 Rde7 26.
e4 Nf6 27. h3 Rd7 28. Kg2 Red8 29. Qc3 Qb6 30. Rxd7 Nfxd7 31. Ne3 Re8 32.
f4 gxf4 33. gxf4 Ng6 34. Rxd7 Rxe4 35. Kf2 Nxf4 36. Bc4 Nxh3+ 37. Kf3 Ng5+
38. Ke2 Ne6 39. Bxe6 Rxe6 40. Kd2 Re4 41. b3 Re8 42. Ke2 c5 43. Rd3 Qc6 44.
Kd2 b6 45. Kc2 Qe4 46. Kb2 Re6 47. Rd8+ Kh7 48. Nc4 Rh6 49. Rd1 Rh2+ 50.
Ka3 f6 51. Re1 Qg2 52. Qd3+ Kh6 53. Qb1 Qf2 54. Ne3 Qf4 55. Nf5+ Kh5 56.
Nxg7+ Kh6 57. Nf5+ Kh5 58. Qd1+ Kg5 59. Rg1+ Kxf5 60. Qd5+ Qe5 61. Qd7+ Kf4
62. Qg4+ Ke3 63. Re1+ Kd2 64. Qd1+ Kc3 65. Rxe5 fxe5 66. Qa1+ Kd3 67. Qxe5
Rd2 68. Qd6+ Kc2 69. Qxb6 Kb1 70. Qg6+ Rc2 71. b4 1-0

[Event "83rd ch-StP"]
[Site "St Petersburg RUS"]
[Date "2010.05.18"]
[Round "3"]
[White "Ionov,S"]
[Black "Klimov,S"]
[Result "1/2-1/2"]
[WhiteElo "2542"]
[BlackElo "2518"]
[EventDate "2010.05.16"]

1. e4 c5 2. Nf3 d6 3. d4 cxd4 4. Nxd4 Nf6 5. Nc3 a6 6. Be2 e6 7. O-O Nc6 8.
Be3 Be7 9. f4 O-O 10. a4 Qc7 11. Kh1 Re8 12. Bf3 1/2-1/2

[Event "83rd ch-StP"]
[Site "St Petersburg RUS"]
[Date "2010.05.18"]
[Round "3"]
[White "Makarov,M"]
[Black "Matlakov,M"]
[Result "1/2-1/2"]
[WhiteElo "2518"]
[BlackElo "2604"]
[EventDate "2010.05.16"]

1. d4 d5 2. Nf3 Nf6 3. c4 c6 4. Nc3 e6 5. Bg5 h6 6. Bxf6 Qxf6 7. Qd3 Nd7 8.
Rd1 g6 9. e3 Bg7 10. Be2 O-O 11. O-O b6 12. cxd5 exd5 13. b4 Bb7 14. a4 a5
15. bxa5 Rxa5 16. Rb1 c5 17. Qd2 Rd8 18. Rb2 g5 19. Rd1 g4 20. Ne1 h5 21.
g3 cxd4 22. exd4 Bh6 23. Qd3 Rc8 24. Ng2 Ba6 1/2-1/2

[Event "83rd ch-StP"]
[Site "St Petersburg RUS"]
[Date "2010.05.18"]
[Round "3"]
[White "Levin,Ev"]
[Black "Popov,Val"]
[Result "1/2-1/2"]
[WhiteElo "2500"]
[BlackElo "2592"]
[EventDate "2010.05.16"]

1. d4 d5 2. c4 e6 3. Nf3 Nf6 4. Bg5 h6 5. Bxf6 Qxf6 6. e3 g6 7. Nc3 c6 8.
Bd3 dxc4 9. Bxc4 Bg7 10. O-O Qe7 1/2-1/2

[Event "83rd ch-StP"]
[Site "St Petersburg RUS"]
[Date "2010.05.19"]
[Round "4"]
[White "Matlakov,M"]
[Black "Levin,Ev"]
[Result "1/2-1/2"]
[WhiteElo "2604"]
[BlackElo "2500"]
[EventDate "2010.05.16"]

1. d4 Nf6 2. c4 g6 3. Nc3 Bg7 4. e4 d6 5. f3 O-O 6. Be3 c6 7. Bd3 a6 8. a4
e5 9. d5 cxd5 10. cxd5 Nh5 11. Nge2 f5 12. Qd2 Kh8 13. a5 Nd7 14. Na4 fxe4
15. Bxe4 Ndf6 16. O-O Bf5 17. Nb6 Rb8 18. Nc3 Bxe4 19. fxe4 Ng4 20. g3 Nxe3
21. Qxe3 Qc7 22. b3 Nf6 23. Nc4 Nd7 24. Na4 Nf6 25. Kg2 Qe7 26. Nab6 Rf7
27. Rf3 Rbf8 28. Raf1 1/2-1/2

[Event "83rd ch-StP"]
[Site "St Petersburg RUS"]
[Date "2010.05.19"]
[Round "4"]
[White "Klimov,S"]
[Black "Makarov,M"]
[Result "0-1"]
[WhiteElo "2518"]
[BlackElo "2518"]
[EventDate "2010.05.16"]

1. e4 c6 2. d4 d5 3. e5 Bf5 4. Nc3 e6 5. g4 Bg6 6. Nge2 f6 7. h4 Bf7 8. h5
Be7 9. Bf4 Nd7 10. Bg3 Qb6 11. Rb1 Nh6 12. Bh3 fxe5 13. dxe5 g5 14. f4
O-O-O 15. Nd4 Rhg8 16. f5 exf5 17. gxf5 g4 18. Bg2 Bc5 19. Nce2 Bxd4 20.
Nxd4 Nxe5 21. Bxe5 Rde8 22. Qe2 c5 23. Nb5 Rxe5 24. Qxe5 Re8 25. Qxe8+ Bxe8
26. Nc3 Nxf5 27. Nxd5 Qe6+ 28. Kd2 Qh6+ 29. Kd3 Qg7 30. c3 Qe5 31. Rhe1
Qg3+ 32. Ne3 Nxe3 33. Rxe3 Bb5+ 0-1

[Event "83rd ch-StP"]
[Site "St Petersburg RUS"]
[Date "2010.05.19"]
[Round "4"]
[White "Romanov,E"]
[Black "Ionov,S"]
[Result "1/2-1/2"]
[WhiteElo "2594"]
[BlackElo "2542"]
[EventDate "2010.05.16"]

1. Nf3 c5 2. e4 d6 3. d4 cxd4 4. Nxd4 Nf6 5. Nc3 a6 6. h3 e5 7. Nde2 h5 8.
Bg5 Be7 9. Bxf6 Bxf6 10. Nd5 Bg5 11. Nec3 Nc6 12. a4 Be6 13. Bc4 Rc8 14.
Ba2 h4 15. O-O O-O 16. Kh1 Bh6 17. Ne2 Ne7 18. c3 Rc5 19. b4 Rc8 20. a5
Nxd5 21. Bxd5 Qc7 22. Bxe6 fxe6 23. Qd3 Qc4 24. Rad1 Qxd3 25. Rxd3 Rc6 26.
Kg1 Bg5 27. Rfd1 1/2-1/2

[Event "83rd ch-StP"]
[Site "St Petersburg RUS"]
[Date "2010.05.19"]
[Round "4"]
[White "Ivanov,Sergey1"]
[Black "Fedoseev,Vl3"]
[Result "1/2-1/2"]
[WhiteElo "2542"]
[BlackElo "2428"]
[EventDate "2010.05.16"]

1. d4 Nf6 2. c4 g6 3. Nc3 Bg7 4. e4 O-O 5. Nf3 d6 6. Be2 Nc6 7. O-O e5 8.
d5 Ne7 9. b4 Nh5 10. c5 Nf4 11. Bxf4 exf4 12. Rc1 h6 13. Nd4 a5 14. a3 axb4
15. axb4 dxc5 16. bxc5 Nc6 17. Nxc6 bxc6 18. dxc6 Bxc3 1/2-1/2

[Event "83rd ch-StP"]
[Site "St Petersburg RUS"]
[Date "2010.05.19"]
[Round "4"]
[White "Khairullin,I"]
[Black "Yevseev,D"]
[Result "1-0"]
[WhiteElo "2617"]
[BlackElo "2520"]
[EventDate "2010.05.16"]

1. d4 Nf6 2. c4 g6 3. Nc3 Bg7 4. e4 d6 5. f3 O-O 6. Be3 c5 7. Nge2 Nc6 8.
d5 Ne5 9. Ng3 e6 10. Be2 exd5 11. cxd5 a6 12. a4 Bd7 13. O-O b5 14. h3 Rb8
15. f4 Nc4 16. Bxc4 bxc4 17. e5 Re8 18. Qd2 dxe5 19. fxe5 Rxe5 20. Bf4 Ne8
21. Bxe5 Bxe5 22. Nge4 Bf5 23. Rae1 Nd6 24. Nxc5 Bg7 25. Kh1 Qa5 26. N5e4
Bxe4 27. Nxe4 Qxd2 28. Nxd2 Bxb2 29. Ne4 Rd8 30. Nxd6 Rxd6 31. Re8+ Kg7 32.
Rc8 c3 33. Rc7 Rf6 34. Kg1 Rxf1+ 35. Kxf1 Kf6 36. Ke2 Ke5 37. Kd3 1-0

[Event "83rd ch-StP"]
[Site "St Petersburg RUS"]
[Date "2010.05.20"]
[Round "5"]
[White "Yevseev,D"]
[Black "Gorovykh,E"]
[Result "1/2-1/2"]
[WhiteElo "2520"]
[BlackElo "2430"]
[EventDate "2010.05.16"]

1. d4 Nf6 2. c4 g6 3. Nc3 Bg7 4. e4 d6 5. Nf3 O-O 6. Be2 e5 7. Be3 Nbd7 8.
O-O Re8 9. Qc2 Ng4 10. Bg5 Bf6 11. Bxf6 Ngxf6 12. Rad1 c6 13. Rfe1 Qe7 14.
a3 a5 15. Bf1 b6 16. Na4 Rb8 17. b4 axb4 18. axb4 c5 19. bxc5 bxc5 20. dxe5
1/2-1/2

[Event "83rd ch-StP"]
[Site "St Petersburg RUS"]
[Date "2010.05.20"]
[Round "5"]
[White "Fedoseev,Vl3"]
[Black "Khairullin,I"]
[Result "1/2-1/2"]
[WhiteElo "2428"]
[BlackElo "2617"]
[EventDate "2010.05.16"]

1. c4 Nf6 2. Nc3 e5 3. g3 d5 4. cxd5 Nxd5 5. Bg2 Nb6 6. Nf3 Nc6 7. O-O Be7
8. Rb1 Be6 9. a3 O-O 10. b4 f6 11. d3 Nd4 12. Nxd4 exd4 13. Ne4 Bd5 14. Bb2
f5 15. Nc5 Bxg2 16. Kxg2 Qd5+ 17. Kg1 Bxc5 18. bxc5 Qxc5 19. Qb3+ Rf7 20.
Rfc1 Qd6 21. a4 c5 22. a5 Nd7 23. Qxb7 Re8 24. Ba3 f4 25. Qxa7 Qf6 26. Bxc5
fxg3 27. Bxd4 gxf2+ 28. Bxf2 Rxe2 29. Rf1 h6 30. a6 Qg5+ 31. Bg3 Qd5 32.
Qb7 Rg2+ 33. Kh1 Rxf1+ 34. Rxf1 Qxb7 35. axb7 Rb2 36. d4 1/2-1/2

[Event "83rd ch-StP"]
[Site "St Petersburg RUS"]
[Date "2010.05.20"]
[Round "5"]
[White "Ionov,S"]
[Black "Ivanov,Sergey1"]
[Result "1/2-1/2"]
[WhiteElo "2542"]
[BlackElo "2542"]
[EventDate "2010.05.16"]

1. d4 Nf6 2. Nf3 d5 3. c4 e6 4. Nc3 dxc4 5. e3 a6 6. a4 c5 7. Bxc4 Nc6 8.
O-O Be7 9. dxc5 Qxd1 10. Rxd1 Bxc5 11. Bd2 1/2-1/2

[Event "83rd ch-StP"]
[Site "St Petersburg RUS"]
[Date "2010.05.20"]
[Round "5"]
[White "Makarov,M"]
[Black "Romanov,E"]
[Result "1-0"]
[WhiteElo "2518"]
[BlackElo "2594"]
[EventDate "2010.05.16"]

1. Nf3 c5 2. c4 Nf6 3. Nc3 e6 4. g3 Nc6 5. Bg2 d5 6. cxd5 Nxd5 7. O-O Be7
8. d4 O-O 9. Rb1 Re8 10. e4 Nxc3 11. bxc3 b6 12. Qa4 Bd7 13. Qc4 cxd4 14.
cxd4 Na5 15. Qe2 a6 16. Re1 Bb5 17. Qd1 Bc4 18. a4 Rc8 19. Be3 b5 20. axb5
Bxb5 21. Ne5 Bd6 22. Qh5 Qe7 23. Ng4 Ba3 24. Rxb5 axb5 25. e5 f5 26. exf6
gxf6 27. Qxb5 Nc4 28. Bf4 Qg7 29. Qh5 Kh8 30. d5 e5 31. Bh6 Qe7 32. Qf5 Nd6
33. Qxf6+ Qxf6 34. Nxf6 Re7 35. Bh3 Ra8 36. Be6 Bb2 37. Nd7 Nf7 38. Bd2 Kg7
39. Re4 h5 40. Be3 Rd8 41. Nb6 Rb7 42. Nc4 Bc3 43. Kg2 Rb5 44. Rh4 Kg6 45.
Rxh5 1-0

[Event "83rd ch-StP"]
[Site "St Petersburg RUS"]
[Date "2010.05.20"]
[Round "5"]
[White "Levin,Ev"]
[Black "Klimov,S"]
[Result "0-1"]
[WhiteElo "2500"]
[BlackElo "2518"]
[EventDate "2010.05.16"]

1. d4 Nf6 2. c4 g6 3. Nc3 Bg7 4. e4 d6 5. Be2 O-O 6. Nf3 e5 7. Be3 Ng4 8.
Bg5 f6 9. Bh4 g5 10. Bg3 Nh6 11. c5 Nc6 12. cxd6 cxd6 13. d5 Ne7 14. O-O
Ng6 15. Re1 f5 16. exf5 Nxf5 17. Nd2 Nf4 18. Bf1 g4 19. Rc1 h5 20. Nb5 Rf7
21. Nb3 Ng6 22. Re4 a6 23. Nc3 Bh6 24. Rc2 h4 25. Rxg4 Rg7 26. Re4 hxg3 27.
hxg3 Qb6 28. Na4 Qa7 29. Qd3 Bd7 30. Nc3 Rf8 31. Re1 Nxg3 32. Qxg3 Nf4 33.
Qh4 Nh3+ 34. Kh2 Nxf2 35. Ne4 Nxe4 36. Qxh6 Nf6 0-1

[Event "83rd ch-StP"]
[Site "St Petersburg RUS"]
[Date "2010.05.20"]
[Round "5"]
[White "Popov,Val"]
[Black "Matlakov,M"]
[Result "1/2-1/2"]
[WhiteElo "2592"]
[BlackElo "2604"]
[EventDate "2010.05.16"]

1. c4 e5 2. g3 Nf6 3. Bg2 d5 4. cxd5 Nxd5 5. Nc3 Nb6 6. Nf3 Nc6 7. O-O Be7
8. a3 O-O 9. b4 Be6 10. Rb1 f6 11. d3 Nd4 12. Nxd4 exd4 13. Ne4 Ba2 14. Ra1
Bd5 15. Bb2 f5 16. Nd2 a5 17. Bxd5+ Qxd5 18. Qb3 Bf6 19. Rfc1 c6 20. Qxd5+
Nxd5 21. Nf3 axb4 22. axb4 Nc3 23. Bxc3 dxc3 24. Ne1 Kf7 25. Nc2 Ke6 26.
Kf1 b5 27. Ke1 Be7 28. e3 c5 29. bxc5 Bxc5 30. Rxa8 Rxa8 31. Ra1 Rxa1+ 32.
Nxa1 Kd5 33. Ke2 Bb6 34. Nb3 g5 35. Nc1 b4 1/2-1/2

[Event "83rd ch-StP"]
[Site "St Petersburg RUS"]
[Date "2010.05.21"]
[Round "6"]
[White "Gorovykh,E"]
[Black "Matlakov,M"]
[Result "1/2-1/2"]
[WhiteElo "2430"]
[BlackElo "2604"]
[EventDate "2010.05.16"]

1. e4 e5 2. Nf3 Nc6 3. d4 exd4 4. Nxd4 Qf6 5. Nxc6 Bc5 6. Qd2 bxc6 7. Bd3
Ne7 8. Qf4 Qxf4 9. Bxf4 d6 10. Nd2 Be6 11. c3 a5 12. Nb3 Bb6 13. Nd4 Kd7
14. Nxe6 fxe6 15. a4 Raf8 16. Bg3 Ng6 17. f3 h5 18. h4 Be3 19. Ke2 Bh6 20.
Rab1 Nf4+ 21. Bxf4 Bxf4 22. Kf2 e5 1/2-1/2

[Event "83rd ch-StP"]
[Site "St Petersburg RUS"]
[Date "2010.05.21"]
[Round "6"]
[White "Klimov,S"]
[Black "Popov,Val"]
[Result "1/2-1/2"]
[WhiteElo "2518"]
[BlackElo "2592"]
[EventDate "2010.05.16"]

1. e4 c6 2. d4 d5 3. Nc3 dxe4 4. Nxe4 Bf5 5. Ng3 Bg6 6. Nf3 Nd7 7. h4 h6 8.
h5 Bh7 9. Bd3 Bxd3 10. Qxd3 e6 11. Bf4 Qa5+ 12. Bd2 Bb4 13. c3 Be7 14. c4
Qc7 15. O-O-O Ngf6 16. Kb1 Rd8 17. Qe2 O-O 18. Bc3 Rfe8 19. Ne5 a5 20. f4
Bb4 21. Be1 Bxe1 22. Rhxe1 c5 23. dxc5 Nxc5 24. Qf3 Rxd1+ 25. Rxd1 Rd8 26.
Rxd8+ Qxd8 27. Kc2 Qb6 28. Qe3 Qc7 29. b3 a4 30. Qd2 Ncd7 31. Nxd7 Nxd7 32.
Ne4 b5 33. Qd6 Qb7 34. Kd3 axb3 35. axb3 bxc4+ 36. bxc4 Qb1+ 37. Ke3 Nb6
38. Qd8+ Kh7 39. Qd3 Qc1+ 40. Kf3 f5 41. Nd6 Qh1 42. Kf2 Qh4+ 43. Qg3 Qf6
44. Qe3 Nd7 45. c5 e5 1/2-1/2

[Event "83rd ch-StP"]
[Site "St Petersburg RUS"]
[Date "2010.05.21"]
[Round "6"]
[White "Romanov,E"]
[Black "Levin,Ev"]
[Result "1-0"]
[WhiteElo "2594"]
[BlackElo "2500"]
[EventDate "2010.05.16"]

1. d4 Nf6 2. c4 e6 3. g3 c5 4. Nf3 cxd4 5. Nxd4 d5 6. Bg2 e5 7. Nf3 d4 8.
O-O Nc6 9. e3 Bc5 10. exd4 exd4 11. Nbd2 O-O 12. Nb3 Qb6 13. Bg5 Ne4 14.
Bf4 Re8 15. Nxc5 Qxc5 16. Re1 Bd7 17. Qb3 b6 18. Qd3 f5 19. Rad1 Be6 20.
Nd2 Nxd2 21. Qxd2 Rad8 22. Bg5 Rc8 23. Rxe6 Rxe6 24. Bd5 Rce8 25. Re1 Qxd5
26. cxd5 Rxe1+ 27. Kg2 R8e2 28. Qf4 Ne5 29. Qxf5 h6 30. Bf4 Nf7 31. Qd3
Rxb2 32. Qxd4 Rbb1 33. Qa4 g5 34. Be3 b5 35. Qe4 Kg7 36. Bd4+ Kf8 37. Bc5+
Kg7 38. Bd4+ Kf8 39. Qg6 Rbc1 40. Bg7+ Ke8 41. Bf6 Rg1+ 42. Kh3 g4+ 43. Kh4
1-0

[Event "83rd ch-StP"]
[Site "St Petersburg RUS"]
[Date "2010.05.21"]
[Round "6"]
[White "Ivanov,Sergey1"]
[Black "Makarov,M"]
[Result "1/2-1/2"]
[WhiteElo "2542"]
[BlackElo "2518"]
[EventDate "2010.05.16"]

1. d4 Nf6 2. c4 e6 3. g3 Bb4+ 4. Bd2 a5 5. Bg2 d5 6. Nf3 dxc4 7. O-O O-O 8.
Bg5 Nc6 9. Nc3 h6 10. Bxf6 Qxf6 11. Rc1 Rd8 12. e3 e5 13. Nxe5 Nxe5 14.
dxe5 Rxd1 15. exf6 Rxc1 16. Rxc1 c6 17. Ne2 gxf6 1/2-1/2